| 000 | 01348cad a22002295a 4500 | ||
|---|---|---|---|
| 001 | L155917 | ||
| 008 | 120420s2012 xxk f 000 0 eng d | ||
| 020 | _a9781780457901 | ||
| 035 | _a(Sirsi) u155917 | ||
| 041 | 0 | _aeng | |
| 110 | 2 |
_aScottish Government _96043 |
|
| 245 | 0 | 0 |
_aConsultation on a strategy for the private rented sector _h[electronic resource] |
| 260 |
_aEdinburgh _cThe Scottish Government _b2012 |
||
| 505 | 2 | _aMinisterial forward -- Chair's forword -- Chapter one introduction of a vision for private rented sector in Scotland -- Chapter Two growth and investment -- Chapter three better quality -- Chapter Four better informed choices -- How to respond -- Annexe A respond information form - Annexe B scottish private rented sector strategy group membership. | |
| 520 | _aThe Scottish Government in conjunction with the Scottish Private Rented Sector Strategy Group sets out draft proposals for the final version of its strategy for the private rented sector. The proposals are consumer focused and are aimed at encouraging consumer engagement. | ||
| 520 | _aConsultation closes 10 July 2012. | ||
| 590 | _aKA | ||
| 651 | 4 |
_aScotland _y1999- |
|
| 690 |
_aResidential property _96266 |
||
| 856 | 4 | 0 |
_uhttps://www.scotland.gov.uk/Resource/0039/00391609.pdf _zView the item free of charge at www.scotland.gov.uk |
| 942 | _n0 | ||
| 999 |
_c113918 _d113918 |
||